[Event "Calvi Rapid Open 2019"]
[Site "Calvi"]
[Date "2019.05.18"]
[Round "6.1"]
[White "Astaneh Lopez, Alex"]
[Black "Howell, David W L"]
[Result "0-1"]
[WhiteElo "2430"]
[BlackElo "2698"]
[Annotator "TA"]
[PlyCount "100"]
[EventDate "2019.05.18"]
[EventType "rapid"]
[EventCountry "FRA"]
[SourceTitle "playchess.com"]
[Source "ChessBase"]
[SourceQuality "1"]

{[%evp 9,100,36,38,29,58,39,58,66,65,60,62,22,75,16,6,0,0,0,0,0,1,0,100,56,52,44,45,50,95,17,0,-10,76,11,0,0,333,99,145,124,152,145,186,168,154,24,154,-47,-47,-47,-36,-35,-49,-308,-235,-513,-526,-512,-496,-682,-447,-438,-427,-488,-484,-893,-893,-878,-870,-937,-836,-704,-614,-798,-787,-770,-767,-756,-731,-697,-586,-735,-565,-542,-527,-612,-612,-587,-571,-558,-492,-495,0]} 1. Nf3 b6 2. e4 Bb7 3. Nc3 e6 4. d4 d6 5. a4 (5. Bd3 Nd7 6. Qe2 a6 7. h4 h6 8. h5 b5 9. a4 b4 10. Nd1 Ngf6 11. c3 c5 12. d5 exd5 13. exd5+ {1-0 (70) Sosa,T (2488)-Adly,A (2626) Sitges 2018}) 5... a6 6. Bd3 {B00: Queen's Fianchetto Defence, Nimzowitsch Defence} Nd7 7. O-O $146 ({Predecessor:} 7. Qe2 g6 8. Bg5 {½-½ (8) Laine,P (2087)-Medar,M (2017) Puhajarve 2018}) 7... Ne7 8. Re1 {White is slightly better.} h6 9. b4 {[%cal Bb2b4,Bb4b5][%mdl 32]} g5 10. b5 a5 (10... Bg7 $11) 11. e5 (11. h3 $16) 11... dxe5 $11 12. Be4 Bxe4 13. Nxe4 Bg7 14. Ng3 O-O 15. Nh5 Bh8 (15... Ng6 $1 $11) 16. h4 g4 $1 {[%cal Rg4f3]} 17. Nh2 $36 {[%mdl 2048] White fights for an advantage.} ({Reject} 17. Nxe5 Nxe5 18. dxe5 Qxd1 $15) 17... f5 $1 18. Bxh6 {aiming for Nxg4.} Rf7 19. Bg5 (19. Nxg4 $16 {Black must now prevent Bg5.} fxg4 20. Qxg4+ {[%mdl 64] Double Attack} Kh7 21. Bg5 (21. Qxe6 Qe8 $14)) 19... Rh7 $1 {[%cal Rh7h5]} 20. Ng3 {And now Nxg4! would win.} Qe8 (20... Qf8 $1 $11) 21. Nxg4 (21. dxe5 $16 Ng6 22. h5 Ngxe5 23. Bf4) 21... fxg4 22. Qxg4 Rg7 $2 {[%mdl 8192]} (22... Nf5 $1 $11 {and Black stays safe.}) 23. dxe5 $2 (23. Qxe6+ $18 {and the rest is easy.} Rf7 24. Qg4) 23... Qf7 24. Nh5 {[%mdl 1024] White has strong compensation.} Rg6 {[#]} 25. f4 $1 Nf5 26. Rad1 Rf8 27. Qf3 ({White should play} 27. Qe2 $16) 27... Qh7 {[#]} (27... Nxh4 $11 {remains equal.} 28. Bxh4 Nxe5) 28. Kf2 $2 {[#]} (28. Re4 $1 $16) 28... Nxh4 $1 $15 {[%mdl 512]} 29. Bxh4 Nxe5 $1 30. Rxe5 Bxe5 {[%mdl 64] Pin} 31. g3 $2 {[%mdl 8192]} (31. g4 $1 $15) 31... Bd6 32. Kg2 $2 (32. Rh1 {might work better.}) 32... Rh6 $19 {Black is clearly winning.} 33. g4 Qxc2+ {[%mdl 64] Double Attack} 34. Kh3 Qxa4 {[%mdl 64] Double Attack} 35. Bg5 Rg6 {Threatens to win with ...Rxg5!} 36. Qd3 Qa3 37. Kh4 (37. Qxa3 $142 Bxa3 38. Rd7) 37... Qxd3 38. Rxd3 a4 39. Ng3 Bxf4 40. Be7 Bxg3+ 41. Kxg3 {[%mdl 4096] Endgame KRR-KRB} Rf7 42. Ba3 e5 43. Rd8+ Kg7 44. Bb2 Re7 45. Ra8 Kf7 46. Rxa4 Ke6 47. Re4 Kd5 48. Re1 e4 49. Bc1 Reg7 50. Rd1+ Ke5 $2 {[%mdl 32768] Accuracy: White = 28%, Black = 46%. . Sensor Board Error (Ke4/e5)?} ({Black should try} 50... Kc4 $19 51. g5 Re6) 0-1

[Event "Calvi Rapid Open 2019"]
[Site "Calvi"]
[Date "2019.05.18"]
[Round "6.2"]
[White "Massoni, Michael"]
[Black "Petrosyan, Armen"]
[Result "0-1"]
[WhiteElo "2339"]
[BlackElo "2409"]
[Annotator "NA"]
[PlyCount "106"]
[EventDate "2019.05.18"]
[EventType "rapid"]
[EventCountry "FRA"]
[SourceTitle "playchess.com"]
[Source "ChessBase"]
[SourceQuality "1"]
[TimeControl "600+3"]

1. e4 {[%emt 0:00:00]} c6 {[%emt 0:00:00]} 2. Nc3 {[%emt 0:00:04]} d5 {[%emt 0:00:02]} 3. Nf3 {[%emt 0:00:01]} Nf6 {[%emt 0:00:08]} 4. e5 {[%emt 0:00:25]} Ne4 {[%emt 0:00:05]} 5. Ne2 {[%emt 0:00:09]} Qb6 {[%emt 0:00:14]} 6. d4 {[%emt 0:00:32]} f6 {[%emt 0:04:17]} 7. c3 {[%emt 0:02:23]} fxe5 {[%emt 0:02:08]} 8. Nxe5 {[%emt 0:00:25]} Nd7 {[%emt 0:00:02]} 9. Nd3 {[%emt 0:00:29]} g6 {[%emt 0:00:29]} 10. g3 {[%emt 0:01:07]} Bg7 {[%emt 0:00:13]} 11. Bg2 {[%emt 0:00:02]} e5 {[%emt 0:01:11]} 12. Be3 {[%emt 0:00:23]} exd4 {[%emt 0:00:10]} 13. Nxd4 {[%emt 0:00:07]} c5 {[%emt 0:00:48]} 14. Nb3 {[%emt 0:00:06]} Qc6 {[%emt 0:00:05]} 15. O-O {[%emt 0:00:44]} b6 {[%emt 0:00:03]} 16. Nf4 {[%emt 0:00:48]} Bb7 {[%emt 0:00:03]} 17. Nd2 {[%emt 0:00:47]} Ndf6 {[%emt 0:00:10]} 18. Nxe4 {[%emt 0:01:16]} dxe4 {[%emt 0:00:16]} 19. Bh3 {[%emt 0:00:31]} Bc8 {[%emt 0:00:10]} 20. Bg2 {[%emt 0:00:06]} Bg4 {[%emt 0:00:10]} 21. Qb3 {[%emt 0:00:09]} c4 {[%emt 0:00:02]} 22. Qc2 {[%emt 0:00:02]} O-O {[%emt 0:00:04]} 23. Bd4 {[%emt 0:00:05]} Bf5 {[%emt 0:00:04]} 24. Qd2 {[%emt 0:00:12]} Rad8 {[%emt 0:00:02]} 25. Qe2 {[%emt 0:00:08]} Bg4 {[%emt 0:00:03]} 26. Qc2 {[%emt 0:00:02]} Bf5 {[%emt 0:00:02]} 27. Qe2 {[%emt 0:00:02]} Bg4 {[%emt 0:00:02]} 28. Qc2 {[%emt 0:00:02]} Bf5 {[%emt 0:00:03]} 29. Rfe1 {[%emt 0:00:01]} Rfe8 {[%emt 0:00:10]} 30. Qe2 {[%emt 0:00:07]} Bg4 {[%emt 0:00:02]} 31. Qc2 {[%emt 0:00:02]} Bf3 {[%emt 0:00:03]} 32. b3 {[%emt 0:00:03]} Bxg2 {[%emt 0:00:03]} 33. Nxg2 {[%emt 0:00:01]} Ng4 {[%emt 0:00:06]} 34. Bxg7 {[%emt 0:00:04]} Kxg7 {[%emt 0:00:01]} 35. Qe2 {[%emt 0:00:06]} Ne5 {[%emt 0:00:02]} 36. Nf4 {[%emt 0:00:12]} Nf3+ {[%emt 0:00:02]} 37. Kg2 {[%emt 0:00:01]} Nxe1+ {[%emt 0:00:03]} 38. Rxe1 {[%emt 0:00:01]} e3+ {[%emt 0:00:01]} 39. Qf3 {[%emt 0:00:01]} Qxf3+ {[%emt 0:00:04]} 40. Kxf3 {[%emt 0:00:01]} exf2 {[%emt 0:00:01]} 41. Rf1 {[%emt 0:00:01]} Rd2 {[%emt 0:00:03]} 42. bxc4 {[%emt 0:00:03]} Rxa2 {[%emt 0:00:01]} 43. h4 {[%emt 0:00:02]} Re1 {[%emt 0:00:01]} 44. Rxf2 {[%emt 0:00:01]} Rxf2+ {[%emt 0:00:03]} 45. Kxf2 {[%emt 0:00:01]} Rc1 {[%emt 0:00:02]} 46. Nd5 {[%emt 0:00:01]} Kf7 {[%emt 0:00:04]} 47. Ke3 {[%emt 0:00:01]} Ke6 {[%emt 0:00:02]} 48. Kd2 {[%emt 0:00:01]} Rg1 {[%emt 0:00:02]} 49. Nf4+ {[%emt 0:00:02]} Kd6 {[%emt 0:00:02]} 50. Ne2 {[%emt 0:00:02]} Rh1 {[%emt 0:00:03]} 51. Kd3 {[%emt 0:00:00]} Kc5 {[%emt 0:00:03]} 52. Nf4 {[%emt 0:00:02]} Rd1+ {[%emt 0:00:03]} 53. Kc2 {[%emt 0:00:01]} Rg1 {[%emt 0:00:02]} 0-1

[Event "Calvi Rapid Open 2019"]
[Site "Calvi"]
[Date "2019.05.18"]
[Round "6.3"]
[White "Brethes, Francois"]
[Black "Maurizzi, Marc Andria"]
[Result "0-1"]
[WhiteElo "2270"]
[BlackElo "2329"]
[Annotator "NA"]
[PlyCount "50"]
[EventDate "2019.05.18"]
[EventType "rapid"]
[EventCountry "FRA"]
[SourceTitle "playchess.com"]
[Source "ChessBase"]
[SourceQuality "1"]
[TimeControl "600+3"]

1. d4 {[%emt 0:00:00]} Nf6 {[%emt 0:00:00]} 2. Nf3 {[%emt 0:00:02]} g6 {[%emt 0:00:00]} 3. c3 {[%emt 0:00:01]} Bg7 {[%emt 0:00:02]} 4. Bg5 {[%emt 0:00:02]} O-O {[%emt 0:00:07]} 5. Nbd2 {[%emt 0:00:01]} d5 {[%emt 0:00:10]} 6. e3 {[%emt 0:00:04]} Ne4 {[%emt 0:01:27]} 7. Bh4 {[%emt 0:01:36]} h6 {[%emt 0:01:59]} 8. c4 {[%emt 0:00:21]} g5 {[%emt 0:00:48]} 9. Bg3 {[%emt 0:00:02]} Nxg3 {[%emt 0:00:05]} 10. hxg3 {[%emt 0:00:02]} c5 {[%emt 0:00:12]} 11. Qc2 {[%emt 0:00:29]} cxd4 {[%emt 0:00:14]} 12. Nxd4 {[%emt 0:01:20]} Nc6 {[%emt 0:00:19]} 13. Nxc6 {[%emt 0:00:14]} bxc6 {[%emt 0:00:02]} 14. Nf3 {[%emt 0:00:02]} Rb8 {[%emt 0:00:39]} 15. Bd3 {[%emt 0:03:30]} Rxb2 {[%emt 0:00:34]} 16. Qa4 {[%emt 0:00:01]} dxc4 {[%emt 0:00:44]} 17. Bxc4 {[%emt 0:00:19]} Bc3+ {[%emt 0:00:54]} 18. Kf1 {[%emt 0:00:09]} Rb4 {[%emt 0:00:08]} 19. Qxc6 {[%emt 0:00:02]} Bxa1 {[%emt 0:00:29]} 20. Qxh6 {[%emt 0:00:25]} Rb1+ {[%emt 0:00:29]} 21. Ne1 {[%emt 0:00:23]} Rxe1+ {[%emt 0:00:05]} 22. Kxe1 {[%emt 0:00:01]} Bc3+ {[%emt 0:00:01]} 23. Ke2 {[%emt 0:00:01]} Bg4+ {[%emt 0:00:02]} 24. f3 {[%emt 0:00:02]} Qd2+ {[%emt 0:00:01]} 25. Kf1 {[%emt 0:00:00]} Qe1# {[%emt 0:00:01]} 0-1

[Event "Calvi Rapid Open 2019"]
[Site "Calvi"]
[Date "2019.05.18"]
[Round "6.4"]
[White "Tomasi, Elise"]
[Black "Bouslimi, Nabil"]
[Result "0-1"]
[WhiteElo "1867"]
[BlackElo "2083"]
[Annotator "NA"]
[PlyCount "85"]
[EventDate "2019.05.18"]
[EventType "rapid"]
[EventCountry "FRA"]
[SourceTitle "playchess.com"]
[Source "ChessBase"]
[SourceQuality "1"]
[TimeControl "600+3"]

1. e4 {[%emt 0:00:01]} e6 {[%emt 0:00:00]} 2. d4 d5 3. exd5 {[%emt 0:00:02]} exd5 {[%emt 0:00:00]} 4. c4 {[%emt 0:00:01]} Nf6 {[%emt 0:00:00]} 5. Bd3 {[%emt 0:00:03]} Be7 {[%emt 0:00:00]} 6. Ne2 {[%emt 0:00:10]} O-O {[%emt 0:00:04]} 7. O-O {[%emt 0:00:02]} Nc6 {[%emt 0:00:03]} 8. Nbc3 {[%emt 0:00:24]} Bg4 {[%emt 0:00:05]} 9. Be3 {[%emt 0:00:49]} Qd7 {[%emt 0:00:32]} 10. Qd2 {[%emt 0:00:55]} Nb4 {[%emt 0:00:14]} 11. Nxd5 {[%emt 0:01:03]} Nfxd5 {[%emt 0:00:56]} 12. cxd5 {[%emt 0:00:05]} Nxd3 {[%emt 0:00:53]} 13. Qxd3 {[%emt 0:00:02]} Bxe2 {[%emt 0:00:03]} 14. Qxe2 {[%emt 0:00:01]} Qxd5 {[%emt 0:00:04]} 15. Rac1 {[%emt 0:00:28]} c6 {[%emt 0:00:02]} 16. b3 {[%emt 0:00:22]} Bf6 {[%emt 0:00:01]} 17. Rfd1 {[%emt 0:00:02]} Rfe8 {[%emt 0:00:03]} 18. Qd3 {[%emt 0:03:21]} Rad8 {[%emt 0:00:03]} 19. Rc5 {[%emt 0:00:45]} Qd6 {[%emt 0:00:26]} 20. Qc4 {[%emt 0:02:10]} Bxd4 {[%emt 0:01:04]} 21. Rf5 {[%emt 0:00:06]} Qe6 {[%emt 0:00:42]} 22. Qxe6 {[%emt 0:00:08]} fxe6 {[%emt 0:00:11]} 23. Rf3 {[%emt 0:00:04]} Bxe3 {[%emt 0:00:13]} 24. Rxd8 Rxd8 {[%emt 0:00:00]} 25. fxe3 {[%emt 0:00:04]} Rd1+ {[%emt 0:00:01]} 26. Kf2 {[%emt 0:00:00]} Rd2+ {[%emt 0:00:01]} 27. Kg3 {[%emt 0:00:01]} Rxa2 {[%emt 0:00:00]} 28. b4 {[%emt 0:00:09]} Ra3 {[%emt 0:00:02]} 29. Kf2 {[%emt 0:00:04]} Ra4 {[%emt 0:00:10]} 30. Rf4 {[%emt 0:00:03]} b6 {[%emt 0:00:18]} 31. Re4 {[%emt 0:00:02]} Kf7 {[%emt 0:00:01]} 32. Rd4 {[%emt 0:00:01]} Ke7 {[%emt 0:00:04]} 33. Rh4 {[%emt 0:00:04]} h6 {[%emt 0:00:04]} 34. Rg4 {[%emt 0:00:01]} g5 {[%emt 0:00:27]} 35. h4 {[%emt 0:00:01]} Kf6 {[%emt 0:00:00]} 36. hxg5+ hxg5 {[%emt 0:00:01]} 37. Rd4 {[%emt 0:00:11]} a5 {[%emt 0:00:07]} 38. Rd6 {[%emt 0:00:01]} Rxb4 {[%emt 0:00:02]} 39. Rxc6 {[%emt 0:00:01]} a4 {[%emt 0:00:09]} 40. Rc8 {[%emt 0:00:02]} a3 {[%emt 0:00:02]} 41. Ra8 {[%emt 0:00:01]} Rb2+ {[%emt 0:00:01]} 42. Kf3 {[%emt 0:00:00]} a2 43. Ke4 {Ke5+} 0-1

[Event "Calvi Rapid Open 2019"]
[Site "Calvi"]
[Date "2019.05.19"]
[Round "7.1"]
[White "Howell, David W L"]
[Black "Petrosyan, Armen"]
[Result "1-0"]
[WhiteElo "2698"]
[BlackElo "2409"]
[Annotator "TA"]
[PlyCount "111"]
[EventDate "2019.05.18"]
[EventType "rapid"]
[EventCountry "FRA"]
[SourceTitle "playchess.com"]
[Source "ChessBase"]
[SourceQuality "1"]

{[%evp 9,111,24,30,23,33,37,41,37,37,36,38,35,41,22,35,34,37,11,38,0,20,20,27,30,16,12,23,0,32,27,25,11,25,15,29,5,22,26,21,27,41,33,46,43,52,37,60,55,63,48,69,45,75,77,91,91,91,90,161,164,191,161,203,198,191,175,224,221,219,207,218,215,203,197,174,149,412,404,439,435,359,373,499,471,622,510,652,635,1226,1160,1953,1167,1998,1451,29960,2591,12710,12710,9515,7610,6809,6666,5724,1960]} 1. d4 Nf6 2. Nc3 d5 3. Bf4 a6 4. e3 Bg4 (4... b5 5. Nf3 Bb7 6. Bd3 e6 7. Ne2 Nbd7 8. O-O Ne4 9. Ng3 g5 10. Be5 Rg8 11. Bxe4 dxe4 {0-1 (44) Alekseenko,K (2638)-Kovalev,V (2683) St Petersburg 2018}) 5. f3 Bf5 6. g4 {D00: 1 d4 d5: Unusual lines} Bg6 7. h4 {[#] h5 is the strong threat.} h6 $146 ({Predecessor:} 7... h5 8. g5 Ng8 9. Bd3 Bxd3 10. Qxd3 e6 11. O-O-O Ne7 {0-1 (34) Pizzardo,S (1865)-Palacios,E (2041) Lima 2017}) 8. Bd3 {White is slightly better.} Bxd3 9. Qxd3 e6 10. Nge2 c5 11. dxc5 Bxc5 12. O-O-O Nc6 13. Kb1 Qe7 14. Bg3 O-O-O 15. Nd4 Nxd4 16. exd4 Bd6 17. Bxd6 Qxd6 18. Qe3 Nd7 19. h5 Nb6 20. b3 Rd7 21. Ne2 Kb8 22. Qf4 Qxf4 23. Nxf4 Rc7 24. Kb2 Rhc8 25. Rh2 Nd7 26. a4 {[%cal Ba2a4,Ba4a5][%mdl 32]} Nf6 27. Nd3 Nd7 28. a5 Ka7 29. Re2 Nb8 30. Ra1 Nc6 31. c3 Nb8 32. Nc5 Nd7 33. b4 {[%cal Bb3b4,Bb4c5][%mdl 32]} Nxc5 (33... Nf6 $16) 34. bxc5 $16 {[%mdl 4096] Endgame KRR-KRR} ({Don't take} 34. dxc5 $6 Re7 $14) 34... Re7 35. Kc2 Rce8 36. f4 Kb8 37. Rb1 Rc8 38. Kd3 Rc6 39. g5 hxg5 40. fxg5 Rc8 41. Rh1 Rh8 42. h6 gxh6 $2 {[%mdl 8192] [#]} (42... Rh7 $16 43. Rb2 Rc7) 43. gxh6 $18 Kc7 44. Rg2 f6 45. Rg6 Rf7 46. Rf1 Rhf8 47. Ke3 Kd8 48. Kf4 Ke8 49. Rb1 Rh8 50. Rb6 Re7 51. Rxf6 Rf7 52. Rbxe6+ (52. Rxf7 $142 Kxf7 53. h7 Rf8 54. Rxb7+ Kg6+ 55. Ke5 Kh5 56. Kxe6 Rc8 57. Kxd5) 52... Kf8 {White is clearly winning.} 53. Rxf7+ Kxf7 54. Rb6 Re8 55. Rxb7+ Kg8 56. Rd7 {Accuracy: White = 69%, Black = 41%.} 1-0

[Event "Calvi Rapid Open 2019"]
[Site "Calvi"]
[Date "2019.05.19"]
[Round "7.2"]
[White "Battesti, Saveriu"]
[Black "Astaneh Lopez, Alex"]
[Result "0-1"]
[WhiteElo "2031"]
[BlackElo "2430"]
[Annotator "TA"]
[PlyCount "148"]
[EventDate "2019.05.18"]
[EventType "rapid"]
[EventCountry "FRA"]
[SourceTitle "playchess.com"]
[Source "ChessBase"]
[SourceQuality "1"]

{[%evp 10,148,14,14,44,43,43,43,45,25,79,35,40,35,68,71,99,74,128,67,61,60,56,56,54,60,74,52,49,57,58,33,68,55,74,60,65,37,58,9,72,50,93,95,89,96,111,118,168,70,68,0,47,0,0,0,0,0,0,0,0,0,0,0,0,0,0,0,0,0,0,0,0,0,0,0,0,0,0,0,0,0,0,0,0,0,0,-30,-8,-8,-8,-13,-15,-30,-8,-36,-8,-8,0,-8,-8,-8,-8,-8,-8,-8,-8,-8,-8,-8,-8,-8,-8,-8,-8,-8,-8,-8,-8,-8,-7,-7,-7,-7,-7,-8,-8,-8,-8,-8,-8,-8,-8,-8,-8,-8,-8,-8,-8,-29994,-29993]} 1. e4 c6 2. d4 d5 3. exd5 cxd5 4. Bd3 Nc6 5. c3 Qc7 6. Ne2 Nf6 {B13: Caro-Kann: Exchange Variation and Panov-Botvinnik Attack} (6... Bg4 7. O-O Nf6 8. Qe1 Qc8 9. Ng3 h5 10. f3 Bd7 11. Bf4 h4 12. Ne2 Bf5 13. Bxf5 Qxf5 14. h3 e6 {½-½ (26) Kamsky,G (2666)-Vitiugov,N (2709) Germany 2019}) 7. Bf4 e5 8. dxe5 Nh5 {White is slightly better.} 9. Be3 $146 ({Predecessor:} 9. O-O Bg4 10. f3 Bc5+ 11. Kh1 Be6 12. Nd2 O-O 13. Nb3 Bb6 14. Bg3 Nxg3+ 15. Nxg3 Nxe5 {½-½ (33) Jeske,K (1987)-Jussupow,N (2173) Braunfels 2013}) 9... Qxe5 (9... Nxe5 $11 10. Nd4 Nf6) 10. O-O Bd6 {[%csl Gd6][%cal Re5h2]} 11. Ng3 Nxg3 12. hxg3 Qf6 13. Qb3 d4 (13... O-O $142) 14. Bxd4 (14. cxd4 $16 Nxd4 15. Bxd4 Qxd4 16. Bb5+ Kf8 17. Bc4) 14... Nxd4 $14 15. cxd4 O-O 16. d5 Rd8 17. Nc3 Qh6 18. Ne4 Be5 19. Rfe1 Qb6 20. Nc3 Bd4 21. Qxb6 $40 {[%mdl 128] White mounts an attack.} axb6 22. Re2 Bd7 23. Rae1 g6 24. Re4 Bf6 (24... Bxc3 $11 {remains equal.} 25. bxc3 Rxa2) 25. Rb4 Bxc3 26. bxc3 Ra3 27. Rb3 Rxa2 28. Rxb6 Ra3 {[#]} 29. Rxb7 ({Better is} 29. Rd6 $1 $18) 29... Rxc3 30. Re7 ({White should try} 30. Be4 $14) 30... Be8 31. Bb5 Bxb5 32. Rxb5 $11 {[%mdl 4096] Endgame KRR-KRR} Rc1+ 33. Kh2 Rd1 34. Rbb7 R1xd5 35. g4 Rf8 $1 36. f3 h6 37. Ra7 Kg7 38. Kg3 Rd6 39. Red7 Rf6 40. Rab7 Rc8 41. Ra7 Rc1 42. Rdc7 Rh1 43. Rab7 h5 44. gxh5 gxh5 45. Rb5 Rg6+ 46. Kf2 Rh2 47. Rf5 Rhxg2+ 48. Ke3 Rf6 49. Rxh5 Rg3 50. Ra5 Rgxf3+ 51. Ke2 Rg3 52. Raa7 Kg6 53. Ra8 {Hoping for Rg8+.} Kg7 54. Rcc8 {Threatens to win with Rg8+.} Re6+ 55. Kf2 {Black must now prevent Rg8+.} Rb3 56. Rg8+ Kf6 57. Ra4 Rc6 {( -> ...Rc2+)} 58. Ra2 Rc5 59. Rga8 Kf5 60. R8a4 f6 61. Ra8 Rb4 62. Rh8 Kg5 63. Rg8+ Kf4 64. Rh8 {Strongly threatening Rh4+.} Rbc4 65. Rh4+ Kf5 66. Rh5+ Kg6 67. Rh3 Rc2+ 68. Rxc2 Rxc2+ {KR-KR} 69. Kf1 Kg5 70. Rh8 Kf4 71. Rh3 f5 72. Ra3 Ke4 73. Rb3 Rd2 74. Rd3 $2 {[%mdl 8192] [#]} (74. Rb4+ $11 Ke5 75. Rb3) 74... Kxd3 0-1

[Event "Calvi Rapid Open 2019"]
[Site "Calvi"]
[Date "2019.05.19"]
[Round "7.3"]
[White "Maurizzi, Marc Andria"]
[Black "Marty, Brice"]
[Result "1-0"]
[WhiteElo "2329"]
[BlackElo "2063"]
[Annotator "TA"]
[PlyCount "99"]
[EventDate "2019.05.18"]
[EventType "rapid"]
[EventCountry "FRA"]
[SourceTitle "playchess.com"]
[Source "ChessBase"]
[SourceQuality "1"]

{[%evp 9,99,24,40,22,32,37,37,27,64,35,25,35,72,72,85,6,9,16,8,3,38,0,23,10,60,-7,123,121,127,127,127,125,122,121,130,132,146,144,145,145,158,137,167,124,139,143,161,149,186,193,235,246,285,277,381,381,364,347,490,489,420,321,409,269,514,485,442,376,570,371,905,864,29970,29972,4822,810,1118,1034,29984,2222,29989,662,1009,0,29987,669,29984,507,496,447,449,476]} 1. e4 h6 2. d4 e6 (2... a6 3. c4 c5 4. d5 d6 5. Nc3 g5 6. Nge2 Bg7 7. Ng3 Nd7 8. h4 gxh4 9. Nh5 Bxc3+ 10. bxc3 Qa5 11. Rxh4 {1-0 (40) Howell,D (2689)-Basman,M (2313) Harrow 2018}) 3. Nc3 Bb4 4. Bd3 d5 5. exd5 exd5 6. Nf3 {B00: Queen's Fianchetto Defence, Nimzowitsch Defence} Ne7 7. O-O O-O 8. Ne2 {White is slightly better.} Bf5 $146 ({Predecessor:} 8... Nbc6 9. c3 Bd6 10. Bf4 Bxf4 11. Nxf4 {½-½ (24) Rutkowski,I (2168)-Wahedi,A (2294) Germany 2017}) 9. Ng3 Bxd3 10. Qxd3 c6 11. Qb3 Qb6 12. c3 (12. Nh5 $16 {Black must now prevent Bxh6!} Ng6 13. Qe3) 12... Bd6 $11 13. Qc2 Nd7 14. Nh5 Ng6 15. Bd2 Qc7 16. g3 Rae8 17. Rfe1 (17. Qc1 $1 $14 Kh7 18. Nxg7 $1 {[%mdl 576] Remove Defender} Kxg7 19. Bxh6+ Kg8 20. Qg5) 17... Qb8 (17... Qc8 $11 {remains equal.}) 18. Qf5 $16 Qd8 19. Bxh6 $1 gxh6 {[#]} 20. Qxd7 $1 {[%mdl 576] Remove Defender, Deflection, Decoy} Qxd7 21. Nf6+ {[%mdl 64] Double Attack} Kg7 22. Nxd7 Rxe1+ 23. Rxe1 Rd8 24. Nde5 Nxe5 25. Nxe5 Bxe5 26. dxe5 {[%mdl 4096] Endgame KR-KR} Kg6 27. f4 Kf5 28. Kf2 c5 29. Kf3 $1 h5 30. h3 d4 31. cxd4 Rxd4 32. g4+ hxg4+ 33. hxg4+ Ke6 (33... Kg6 $142 34. e6 fxe6 35. Rxe6+ Kf7) 34. f5+ $18 Ke7 35. Re4 Rd2 36. Re2 Rd4 $2 (36... Rd3+ 37. Re3 Rd5) 37. e6 f6 38. Rg2 b5 (38... Rd3+ $142 39. Kf4 Rd4+ 40. Ke3 b5) 39. Ke3 Rd8 $2 (39... b4 40. b3 Kd6) 40. Rd2 Rh8 41. Rd7+ Ke8 42. Rxa7 (42. g5 $142 Rh5 43. gxf6 Rxf5 44. f7+ Kf8 45. Rd8+ Ke7 46. Re8+ Kd6 47. Ke4) 42... Rh3+ 43. Ke4 Rh2 {[#]} 44. Kd5 (44. g5 $142 $1 Rh4+ (44... fxg5 45. f6) 45. Kd5 $1 {[%mdl 512]} Rd4+ 46. Kc6 $1 {[%mdl 512]} Rd8 47. g6 Rc8+ 48. Kb7 Kd8 49. Kb6) 44... c4 {[#]} 45. Ra8+ (45. g5 $142 $1 Rd2+ (45... fxg5 46. f6) 46. Kc5 Rd8 47. g6 Rd2 48. g7 Rg2 49. g8=Q+ $1 {[%mdl 512]} Rxg8 50. Ra8+ Ke7 51. Rxg8) 45... Ke7 46. Ra7+ (46. a4 $18) 46... Ke8 {[#]} 47. b3 (47. g5 $142 $1 Rd2+ (47... fxg5 48. f6) 48. Kc5 $1 {[%mdl 512]} Rd8 49. g6 Rc8+ 50. Kd6 Kf8 51. e7+ Kg8 52. Rd7) 47... c3 {[#]} 48. b4 (48. g5 $142 $1 Rd2+ (48... fxg5 49. f6) 49. Ke4 Re2+ 50. Kd3 {[%mdl 64] Double Attack} Rd2+ 51. Kxc3 Rd8 52. gxf6 Rc8+ 53. Kd2) 48... Rd2+ 49. Ke4 {Strongly threatening g5!} c2 50. Rc7 {Accuracy: White = 55%, Black = 20%.} 1-0

[Event "Calvi Rapid Open 2019"]
[Site "Calvi"]
[Date "2019.05.19"]
[Round "7.4"]
[White "Bouslimi, Nabil"]
[Black "Utrera, Ludovic"]
[Result "1-0"]
[WhiteElo "2083"]
[BlackElo "1995"]
[Annotator "NA RC"]
[PlyCount "98"]
[EventDate "2019.05.18"]
[EventType "rapid"]
[EventCountry "FRA"]
[SourceTitle "playchess.com"]
[Source "ChessBase"]
[SourceQuality "1"]
[TimeControl "600+3"]

1. d4 {[%emt 0:00:02]} Nf6 {[%emt 0:00:00]} 2. c4 {[%emt 0:00:02]} c5 {[%emt 0:00:00]} 3. d5 {[%emt 0:00:25]} e6 {[%emt 0:00:01]} 4. Nc3 {[%emt 0:00:02]} exd5 {[%emt 0:00:01]} 5. cxd5 {[%emt 0:00:01]} d6 {[%emt 0:00:02]} 6. g3 {[%emt 0:00:10]} g6 {[%emt 0:00:03]} 7. Bg2 {[%emt 0:00:02]} Bg7 {[%emt 0:00:01]} 8. Nf3 {[%emt 0:00:09]} O-O {[%emt 0:00:03]} 9. O-O {[%emt 0:00:03]} a6 {[%emt 0:00:02]} 10. a4 {[%emt 0:00:01]} Re8 {[%emt 0:00:15]} 11. Nd2 {[%emt 0:00:25]} Nbd7 {[%emt 0:00:59]} 12. e4 {[%emt 0:00:18]} Rb8 {[%emt 0:00:12]} 13. a5 {[%emt 0:00:14]} b5 {[%emt 0:00:04]} 14. axb6 $1 {[%emt 0:00:27]} Nxb6 {[%emt 0:00:07]} 15. Re1 {[%emt 0:01:08]} Ng4 {[%emt 0:00:08]} 16. h3 {[%emt 0:01:01]} Ne5 {[%emt 0:00:05]} 17. Nb3 {[%emt 0:00:40]} c4 {[%emt 0:02:47]} 18. Nd4 {[%emt 0:00:32]} Nd3 {[%emt 0:02:07]} 19. Nc6 {[%emt 0:00:15]} Qf6 {[%emt 0:00:01]} 20. Re2 {[%emt 0:01:14]} Nxc1 {[%emt 0:00:10]} 21. Qxc1 {[%emt 0:00:10]} Ra8 {[%emt 0:00:02]} 22. f4 {[%emt 0:00:26]} Bd7 {[%emt 0:01:05]} 23. e5 {[%emt 0:01:13]} dxe5 {[%emt 0:00:02]} 24. Ne4 {[%emt 0:00:37]} Qf5 {[%emt 0:00:07]} 25. Nd6 {[%emt 0:00:23]} Qh5 {[%emt 0:00:24]} 26. g4 {[%emt 0:00:20]} Qh4 {[%emt 0:00:24]} 27. Nxe8 {[%emt 0:00:18]} Rxe8 {[%emt 0:00:01]} 28. fxe5 {[%emt 0:00:29]} h5 {[%emt 0:00:50]} 29. Qe1 {[%emt 0:00:09]} Qg5 {[%emt 0:00:01]} 30. Qd2 {[%emt 0:00:07]} Qh4 {[%emt 0:00:03]} 31. Qe1 {[%emt 0:00:06]} Qg5 {[%emt 0:00:01]} 32. Qf2 {[%emt 0:00:01]} hxg4 33. h4 Qh5 {[%emt 0:00:21]} 34. Rf1 {[%emt 0:00:02]} Bf5 {[%emt 0:00:07]} 35. d6 {[%emt 0:00:05]} Nd7 {[%emt 0:00:24]} 36. Ne7+ {[%emt 0:00:01]} Kh7 {[%emt 0:00:15]} 37. Nxf5 {[%emt 0:00:03]} gxf5 {[%emt 0:00:01]} 38. Qxf5+ {[%emt 0:00:01]} Qxf5 {[%emt 0:00:01]} 39. Rxf5 {[%emt 0:00:01]} Bxe5 {[%emt 0:00:07]} 40. Rxf7+ {[%emt 0:00:10]} Kg6 {[%emt 0:00:02]} 41. Rxd7 {[%emt 0:00:01]} Bd4+ {[%emt 0:00:06]} 42. Kf1 {[%emt 0:00:01]} Rb8 {[%emt 0:00:04]} 43. Rde7 {[%emt 0:00:07]} Bxb2 {[%emt 0:00:04]} 44. Rb7 {[%emt 0:00:03]} Rf8+ {[%emt 0:00:05]} 45. Rf2 {[%emt 0:00:01]} Rxf2+ {[%emt 0:00:06]} 46. Kxf2 {[%emt 0:00:01]} Bd4+ {[%emt 0:00:00]} 47. Ke2 {[%emt 0:00:01]} c3 {[%emt 0:00:01]} 48. d7 {[%emt 0:00:01]} c2 {[%emt 0:00:01]} 49. Be4+ {[%emt 0:00:01]} Kf6 {[%emt 0:00:02]} 1-0